Clinical experience with long-term cultured fetal pancreatic islet transplantations

Elmentve itt :
Bibliográfiai részletek
Szerzők: Farkas Gyula
Karácsonyi S.
Szabó M.
Kaiser G.
Dokumentumtípus: Könyv része
Megjelent: Raven Press New York 1987
Sorozat:Advanced Models for the therapy of Insulin-dependent diabetes
Tárgyszavak:
mtmt:2441286
Online Access:http://publicatio.bibl.u-szeged.hu/32966
LEADER 00801naa a2200229 i 4500
001 publ32966
005 20250428084438.0
008 250428s1987 hu o 000 eng d
024 7 |a 2441286  |2 mtmt 
040 |a SZTE Publicatio Repozitórium  |b hun 
041 |a eng 
100 1 |a Farkas Gyula 
245 1 0 |a Clinical experience with long-term cultured fetal pancreatic islet transplantations  |h [elektronikus dokumentum] /  |c  Farkas Gyula 
260 |a Raven Press  |b New York  |c 1987 
300 |a 5 
300 |a 315-319 
490 0 |a Advanced Models for the therapy of Insulin-dependent diabetes 
650 4 |a Klinikai orvostan 
700 0 1 |a Karácsonyi S.  |e aut 
700 0 1 |a Szabó M.  |e aut 
700 0 1 |a Kaiser G.  |e aut 
856 4 0 |u http://publicatio.bibl.u-szeged.hu/32966/1/aok_klny_289_87.pdf  |z Dokumentum-elérés